Sociedades civiles y comerciales
Guardat en:
| Autor principal: | |
|---|---|
| Format: | Llibre |
| Idioma: | espanyol |
| Publicat: |
Santiago
Carlos E. Gibbs
1963
|
| Matèries: | |
| Etiquetes: |
Afegir etiqueta
Sense etiquetes, Sigues el primer a etiquetar aquest registre!
|
MARC
| LEADER | 00000nam a2200000 a 4500 | ||
|---|---|---|---|
| 001 | UCS2273 | ||
| 003 | CL-VaPUC | ||
| 008 | 970523e19630000CL |||||||||||||||||spa|d | ||
| 082 | 0 | 4 | |a 346.065 |b DAV |2 21 |
| 100 | 0 | |a Davis, Arturo |e author |9 387522 | |
| 245 | 1 | 0 | |a Sociedades civiles y comerciales |
| 300 | |a 341 p | ||
| 942 | |c BK | ||
| 945 | |d 19970523 00:00:00 |a cmena | ||
| 260 | |a Santiago |b Carlos E. Gibbs |c 1963 | ||
| 650 | 0 | |a Derecho comercial |9 256340 | |
| 650 | 0 | |a Sociedades comerciales |9 257290 | |
| 650 | 7 | |a SOCIEDADES CIVILES |2 CL-VaPUC |9 351741 | |
| 650 | 0 | |a Aspectos económicos |9 255165 | |
| 650 | 0 | |a Contratos |9 255153 | |
| 650 | 7 | |a RAZON SOCIAL |2 CL-VaPUC |9 375910 | |
| 650 | 0 | |a Derecho comparado |9 255664 | |
| 583 | |a last modification |c 19970523 00:00:00 |k Rodrigo Vera | ||
| 999 | |c 260247 |d 260245 | ||
| 952 | |0 0 |1 0 |4 0 |6 346_065000000000000_DAV_1963 |7 0 |8 A |9 286183 |a BIBDER |b BIBDER |d 2019-11-19 |i 1858807 |o 346.065 DAV 1963 |p 1858807 |r 2023-01-25 |w 2019-11-19 |y BK |k DER | ||